Miasta Ameryki Południowej z mapą - Statystyki

Ogólne statystyki
  • Ten quiz został rozwiązany 181 razy
  • Średni wynik to 14 z 25
Odpowiedzi na mapie
Odpowiedzi zakodowano w zielono-czerwonej skali na mapie do tego quizu, zgodnie z poniższymi procentami.
 
Statystyki odpowiedzi
Miasto % Poprawnych
Buenos Aires
95%
Lima
94%
Bogota
91%
Brasília
91%
Santiago
90%
Rio de Janeiro
89%
Sao Paulo
86%
Caracas
85%
La Paz
84%
Quito
77%
Medellin
57%
Georgetown
52%
Cali
42%
Fortaleza
40%
Salvador
40%
Córdoba
35%
Belém
32%
Cuzco
30%
Guayaquil
27%
Santa Cruz
25%
Barranquilla
23%
Cayenne
21%
Ushuaia
19%
Stanley
17%
Sao Luis
16%
Nie znaleziono quizów pasujących do podanych kryteriów
Rozkład punktacji
Procent ludzi z każdym wynikiem
Percentyl według liczby udzielonych odpowiedzi
Twoja historia wyników
Nie rozwiązałeś tego quizu